000 00513nam a2200181Ia 4500
005 20250508152917.0
008 008 250505s9999 xx 000 0 eng d
037 _aTextual
040 _aFEDL
_beng
_cFEDL
041 _aeng
_2eng
084 _a321.40954, DEA
_qFEDL
100 _aDean Vera Micheles
245 0 _aNew patterns of democracy in India
260 _aDelhi, India
_bMotilal Banarsi Dass
_c1961
300 _a226p.
942 _cTEXL
_h321.40954, DEA
999 _c1339560
_d1339560